[Event "Politiken Cup 18th"]
[Site "Copenhagen"]
[Date "1996.??.??"]
[Round "8"]
[White "Gulko, Boris F"]
[Black "Speelman, Jonathan S"]
[Result "1-0"]
[WhiteElo "2615"]
[BlackElo "2625"]
[Annotator "Stohl,I"]
[PlyCount "79"]
[EventDate "1996.06.??"]
[EventType "swiss"]
[EventRounds "11"]
[EventCountry "DEN"]
[SourceTitle "CBM 054"]
[Source "ChessBase"]
[SourceDate "1996.10.01"]
[SourceVersion "1"]
[SourceVersionDate "1996.10.01"]
[SourceQuality "1"]

1. d4 e6 2. c4 b6 3. Nc3 (3. e4 Bb7 4. f3 (4. d5 Nf6 5. Bd3 b5 6. Qb3 Na6 7.
Nc3 Nc5 8. Qc2 Nxd3+ 9. Qxd3 bxc4 10. Qxc4 exd5 11. exd5 Qe7+ 12. Be3 Qb4 13.
Qe2 Be7 14. O-O-O O-O 15. Rd4 Qd6 16. Qd2 c5 17. Rd3 Ng4 18. Bf4 Qg6 19. Nh3 c4
20. Rg3 Bh4 21. Rf3 Bf6 22. Rg3 Qf5 23. Qc2 Qxc2+ 24. Kxc2 Bxc3 25. Rxg4 f5 26.
Rg3 Bf6 $36 {^^_|_,Kamp,C-Tischbierek,R/Bad Wörishofen/1996/}) 4... f5 5. exf5
Nh6 6. fxe6 Nf5 7. Bf4 dxe6 8. Ne2 c5 9. d5 exd5 10. cxd5 Qxd5 11. Qxd5 Bxd5
12. Nbc3 Bb7 13. Nb5 Na6 14. Ng3 Nxg3 15. hxg3 Rd8 16. Kf2 Be7 17. Re1 Kf8 18.
Bc4 Bd5 19. Bxd5 Rxd5 20. Rd1 Nb4 21. Rxd5 Nxd5 22. Nxa7 Bf6 23. Nb5 Kf7 24. b3
Nb4 25. a4 Rd8 26. Rb1 g5 27. Bd6 Nc2 $44 {1/2,Babu,NS-Miles,A/Sakthi Madras/
1996/}) (3. Nf3 Bb7 4. Nc3 Bb4 5. Qb3 a5 6. a3 a4 $1 7. Qc2 (7. Qxb4 Nc6 8. Qb5
Ra5 $15) 7... Bxc3+ 8. Qxc3 d6 9. Bg5 Ne7 10. e3 Nd7 11. Bh4 O-O 12. Be2 f5 13.
O-O Qe8 14. Nd2 Ng6 15. Bg3 e5 16. f3 f4 17. exf4 Nxf4 18. Bxf4 Rxf4 19. d5 Nc5
20. g3 Qg6 21. Bd1 Bc8 22. Bc2 Bf5 23. Bxf5 Rxf5 $15 {Hillarp Persson,T-Gulko,
B/Copenhagen PC/1996/}) (3. a3 g6 4. Nc3 Bg7 5. Nf3 Ne7 6. e4 Bb7 7. Be2 O-O 8.
O-O f5 9. e5 h6 10. Re1 g5 11. d5 Ng6 12. Bf1 g4 13. Nd4 Bxe5 14. dxe6 Qf6 15.
Bxh6 Re8 16. Ndb5 dxe6 17. Qd2 Nc6 18. Qg5 Re7 19. Rxe5 Kf7 20. Ree1 a6 21.
Rad1 axb5 22. cxb5 Nce5 23. Qxf6+ Kxf6 24. Be3 Nf7 25. Bc4 Rh8 $44 {->,
Hellsten,J-Miles,A/Malmo/1996/}) 3... Bb4 4. e3 Bb7 (4... Nf6 {-E4}) 5. Nge2 f5
$5 (5... Nf6 6. a3 Be7 (6... Bxc3+ 7. Nxc3 $14 {[%csl Gc1,Gf1] ^^}) 7. d5 $1
$14 {-E44}) 6. a3 Bd6 (6... Bxc3+ 7. Nxc3 Nf6 8. f3 O-O 9. Bd3 $14) 7. d5 (7.
b4 a5 8. c5 Be7 9. Rb1 axb4 10. axb4 Nf6 11. Nf4 O-O 12. Bc4 g5 13. Nfe2 bxc5
14. dxc5 Nc6 15. f4 gxf4 16. exf4 Qe8 17. Rf1 Kh8 18. Rf3 Nxb4 19. Rxb4 Bxf3
20. gxf3 Qh5 21. Be3 Qxf3 22. Bd4 Rg8 23. Ng3 Rxg3 24. hxg3 Qxg3+ $44 {
Plachetka,J-Kengis,E/Wien op/1990/}) 7... Nf6 8. g3 (8. Nb5 $5 Ne4 9. Nxd6+
Nxd6 10. Nc3 a5 11. Be2 O-O 12. O-O Qf6 13. Qc2 Na6 14. b3 Qh4 15. f3 Rf6 16.
Rf2 Raf8 17. Bf1 Rg6 18. Bb2 Nf7 19. f4 Nh6 20. g3 Qh5 21. Rg2 Ng4 22. Re1 Nf6
23. Rge2 Rh6 24. e4 $14 {Siamak,E-Atalik,S/Ano Liosia op/1996/}) (8. Nd4 O-O 9.
Be2 Ne4 10. Nxe4 fxe4 11. dxe6 Qf6 12. O-O dxe6 13. Bg4 Re8 14. Bd2 Nd7 15. Bc3
Qh6 16. h3 a6 17. Qe2 Ne5 18. f4 exf3 19. Bxf3 Nxf3+ 20. Nxf3 Rf8 21. Nd2 Qg6
22. Rxf8+ Rxf8 23. Rf1 Rd8 24. Re1 h5 $40 {[%csl Gb7,Gd6] ^^,Orr,M-Kengis,E/
Moscow olm/1994/}) 8... Na6 (8... a5 9. Bg2 Na6 10. O-O (10. Rb1 O-O 11. O-O
Nc5 12. b4 axb4 13. axb4 Nce4 14. Nxe4 Nxe4 15. f3 Ng5 16. h4 Nf7 17. f4 exd5
18. cxd5 Nh6 19. e4 fxe4 20. Bxe4 Qe7 21. Nc3 Nf5 22. Qd3 Bxb4 23. Bxf5 Qc5+
$13 {Gulko,B-Root,D/USA-op/1987/}) 10... O-O (10... Nc5 $6 11. Nb5 a4 12. Bd2
exd5 13. Bb4 Nfe4 14. Nxd6+ Nxd6 15. Bxd5 Qe7 16. Bxc5 bxc5 17. Bxb7 Nxb7 18.
Nc3 Qe6 19. Nd5 Qd6 20. Qh5+ g6 21. Qh6 O-O-O 22. Qg7 Qa6 23. Rfd1 c6 24. Nf4
Qxc4 25. Rxd7 $16 {Nogueiras,J-Panno,O/Buenos Aires Najdorf/1991/}) 11. b3 (11.
Nb5 $5 $14) 11... Nc5 12. Bb2 Qe7 13. Nd4 Nce4 (13... Nfe4 14. Ndb5 Nxc3 15.
Nxc3 Be5 16. Qc2 d6 17. Rfd1 Bxc3 18. Bxc3 exd5 19. cxd5 Ne4 20. Bb2 Rf7 21. b4
Qe8 $13 {Ibragimov,I-Kengis,E/Groningen op/1991/}) 14. Nxe4 fxe4 15. dxe6 dxe6
16. Qc2 e5 17. Nb5 Qf7 18. Rad1 Rad8 19. Rd2 Bc6 20. Nxd6 cxd6 21. a4 Qe6 22.
Ba3 Rd7 23. Rfd1 Rfd8 24. b4 $14 {Gurevich,M-Kengis,E/Tilburg/1992/}) 9. Bg2 (
9. b4 c6 $10) 9... Nc5 10. O-O O-O 11. b4 Nce4 12. Rb1 (12. Bb2 a5 $5 $132)
12... exd5 13. Nxd5 $6 (13. cxd5 Qe7 $13) 13... Nxd5 14. cxd5 {[%csl Rd5] ><d5}
Qe7 15. Bb2 (15. Qb3 a5 16. Nd4 (16. Nc3 Qe5 $17) 16... Qf7 {[%csl Rd5] ><d5})
15... a5 16. Nc3 $1 $8 (16. bxa5 Rxa5 $17) 16... axb4 17. axb4 Rae8 (17... Bxb4
$6 18. Nxe4 fxe4 19. Bxg7 $1 Kxg7 20. Qd4+ Kg8 (20... Qf6 21. Rxb4 Qxd4 22.
Rxd4 $16 {><e4}) 21. Rxb4 $16) 18. Qd4 {The battery on the long diagonal
indirectly protects the b4P.} Rf7 $5 (18... Bxb4 19. Nxe4 fxe4 20. Bxe4 Bc5 21.
Qc3 Bb4 22. Qd4 $10) 19. Ba1 Be5 20. Qd3 Bxc3 21. Bxc3 {White's B-pair will
give him atleast some compensation, as now he loses a pawn.} Qd6 $1 $15 22. Bb2
(22. Ba1 $5 Qxd5 23. Qc2 $15) (22. Rfd1 Qxd5 $1 23. Qxd5 Bxd5 $17) 22... Qxd5
23. Qc2 Bc6 (23... Qc6 24. Qb3 $44) 24. Rfd1 Qe6 25. b5 $1 $8 (25. Bf1 $2 Ng5
$17 {->}) 25... Bxb5 26. Bxg7 $6 (26. Qxc7 $5 d5 (26... Nxf2 $6 27. Bd5 Nh3+ (
27... Qxe3 28. Bxf7+ Kxf7 29. Rxd7+ Bxd7 30. Qxd7+ Re7 31. Qxf5+ $18 {[%cal
Rf5f2] /\Qf2}) (27... Nxd1 28. Bxe6 dxe6 29. Qxb6 $16) 28. Kg2 Bc6 29. Qxc6 $1
dxc6 30. Bxe6 Rxe6 31. Kxh3 $16) 27. Qc2 Bc4 $15) 26... Qc4 27. Qb2 (27. Qxc4
Bxc4 $17 {o^b,c}) 27... Rxg7 28. Bf1 (28. Qxb5 $2 Qxb5 29. Rxb5 Nc3 $19) 28...
Qc3 29. Qxb5 {[%csl Rg8] ע Two united passed pawns and strong centralized N
give Black an advantage. White's only counterchance is Black's weakened K-side.
} Qc2 (29... Nc5 $5 $17) 30. Rxd7 Qxf2+ 31. Kh1 Qf3+ (31... Qxe3 32. Rb3 $1 (
32. Rxg7+ Kxg7 33. Qxe8 $2 Nxg3+ $19) 32... Qe1 (32... Qf2 33. Bc4+ Kf8 34.
Rxg7 Kxg7 35. Qxe8 Qe1+ 36. Kg2 Qd2+ 37. Kh1 Qc1+ (37... Qe1+ $10) 38. Kg2 Qc2+
39. Kg1 Qxc4 40. Qe5+ $13) 33. Rb1 $10) 32. Bg2 Nf2+ $2 (32... Qxe3 $1 33.
Rxg7+ Kxg7 34. Qd7+ Kh6 $17 35. Qxf5 $5 $17 (35. Qc6+ $6 Kg5 36. h4+ Kg4 $19))
33. Kg1 Qxe3 $2 (33... Nh3+ $1 34. Bxh3 Rxd7 35. Qxd7 Qxe3+ 36. Kf1 (36. Kh1 $4
Qe4+ $19) 36... Qf3+ $10) 34. Rxg7+ Kxg7 (34... Kf8 35. Qxf5+) (34... Kh8 35.
Rxh7+ $1 Kg8 36. Rh8+ $18) 35. Qb2+ $18 Kg6 36. Qxf2 h5 37. Bc6 Re6 (37...
Qxf2+ 38. Kxf2 Re6 39. Rc1 $18) 38. Qxe3 Rxe3 39. Rb4 Rc3 40. Be8+ (40. Be8+
Kg5 41. Rh4 Rc1+ 42. Kf2 Rc2+ 43. Kf3 Rc3+ 44. Ke2 $18) 1-0

[Event "Donner Memorial-A"]
[Site "Amsterdam"]
[Date "1994.??.??"]
[Round "6"]
[White "Lautier, Joel"]
[Black "Adams, Michael"]
[Result "1/2-1/2"]
[WhiteElo "2645"]
[BlackElo "2640"]
[Annotator "Stohl,I"]
[PlyCount "41"]
[EventDate "1994.08.??"]
[EventType "tourn"]
[EventRounds "9"]
[EventCountry "NED"]
[EventCategory "15"]
[SourceTitle "CBM 043"]
[Source "ChessBase"]
[SourceDate "1994.12.01"]
[SourceVersion "1"]
[SourceVersionDate "1994.12.01"]
[SourceQuality "1"]

1. c4 e6 2. d4 Bb4+ 3. Nc3 b6 4. Qc2 Bb7 (4... c5 5. a3 Bxc3+ 6. Qxc3 cxd4 7.
Qxd4 Nf6 8. Nf3 Nc6 9. Qc3 Bb7 10. b3 Rc8 11. Bb2 d5 12. Rd1 Na5 13. e3 O-O 14.
h4 Re8 15. h5 h6 16. Rh4 Qe7 17. Ne5 Nc6 18. cxd5 Nxe5 19. Qxe5 Bxd5 20. Rg4
Kh8 21. b4 Rc2 22. Rg3 Rxb2 23. Qxb2 Nxh5 $14 {Chabanon,JL-Ehlvest,J/FRA-chT/
1993/}) 5. a3 Bxc3+ 6. Qxc3 f5 (6... Ne7 7. Nf3 O-O 8. b3 d6 9. Bb2 Nd7 10. Qc2
Nf6 11. Nd2 c5 12. e3 cxd4 13. Bxd4 Nf5 14. Bb2 d5 15. cxd5 Qxd5 16. Qd3 Qxd3
17. Bxd3 Nh4 18. Rg1 Rfd8 19. Ke2 Rac8 20. f3 Nd5 21. Nc4 b5 22. Na5 Ba8 23.
Rad1 Nf5 $10 {Barlov,D-Kengis,E/Pula op/1990/}) 7. e3 (7. Nf3 Nf6 8. g3 O-O 9.
Bg2 a5 10. b3 d6 11. O-O Qe8 12. Bb2 Nbd7 13. b4 Be4 14. Rfe1 Qh5 15. c5 f4 $1
16. Rac1 Nd5 17. Qc4 axb4 18. axb4 N7f6 19. Qb3 fxg3 20. hxg3 Ng4 21. Ra1 Rad8
$36 {Olsen,P-Andersen,I/Copenhagen OBRO/1993/}) 7... Nf6 8. f3 Nh5 (8... O-O 9.
Qc2 (9. Bd3 $6 Nh5 10. Nh3 Qh4+ 11. Nf2 Qg5 $36) 9... c5 10. Bd3 Nc6 11. Ne2
Nh5 12. O-O Qf6 13. b3 d6 14. Bb2 Qg5 15. Bc1 Qf6 16. Bb2 Qg5 17. Rf2 $1 Rae8
18. Rd1 Kh8 19. Qd2 Ne7 20. Nf4 $14 {Stohl,I-Prie,E/Haifa ETC/1989/}) 9. Nh3
O-O 10. Be2 Qh4+ $5 (10... d6 11. O-O Nd7 12. b4 Nhf6 13. Bb2 $14 {^^}) 11. Nf2
d6 12. b3 (12. O-O Nd7 13. Nd3 c5 $13) 12... c5 13. Bb2 Nf6 14. Rd1 Nc6 15.
dxc5 (15. d5 $6 exd5 16. Rxd5 (16. cxd5 Ne5 $17) 16... Qg5 17. Rxd6 Qxg2 $13 {
עe1}) (15. O-O e5 16. dxe5 dxe5 17. Rd6 Rae8 $10 {/\f4}) 15... dxc5 16. Rd6
Rad8 $1 17. Qd2 (17. Rxe6 $6 Kf7 (17... Qh5 18. Qc2 Qf7 19. Rxf6 $44) 18. Rxf6+
(18. Rxc6 Bxc6 19. Qe5 Rfe8 20. Qc7+ Bd7 $15) 18... Qxf6 19. Qxf6+ gxf6 $15)
17... Qg5 18. Nh3 (18. O-O Rxd6 19. Qxd6 Qxe3 $17) 18... Qh4+ (18... Qxg2 19.
Rg1 $1 Rxd6 (19... Qxh3 20. Bxf6 Rxd6 (20... Rxf6 21. Rxd8+ Nxd8 22. Qxd8+ Rf8
23. Qc7 $18) 21. Rxg7+ Kh8 22. Rf7+ Kg8 23. Rxf8+ Kxf8 24. Qxd6+ $16) 20. Qxd6
Qxh3 21. Qxe6+ Kh8 22. Bxf6 gxf6 23. Rg8+ $1 Rxg8 24. Qxf6+ Rg7 25. Qf8+ $10)
19. Nf2 Qg5 $10 20. Nh3 Qh4+ 21. Nf2 1/2-1/2

[Event "Sarajevo Bosnia 33rd"]
[Site "Sarajevo"]
[Date "2003.05.24"]
[Round "6"]
[White "Sokolov, Ivan"]
[Black "Kurajica, Bojan"]
[Result "1-0"]
[WhiteElo "2677"]
[BlackElo "2551"]
[Annotator "Stohl,I"]
[PlyCount "119"]
[EventDate "2003.05.18"]
[EventType "tourn"]
[EventRounds "9"]
[EventCountry "BIH"]
[EventCategory "16"]
[SourceTitle "CBM 096"]
[Source "ChessBase"]
[SourceDate "2003.09.25"]
[SourceVersion "1"]
[SourceVersionDate "2003.09.25"]
[SourceQuality "1"]

1. d4 e6 2. c4 Bb4+ 3. Bd2 Qe7 4. Nc3 f5 {A combination of the Bogo-Indian and
Dutch Defence, Black will follow up with a fianchetto of his Bc8 and increase
his control over e4. Although White often gets the ^^, the positions can
resemble a playable Nimzo-Indian.} 5. e3 $5 {Possibly the best move. White
simply continues his development and makes use of the fact he still hasn't
committed his Ng1 to f3.} (5. g3 Nf6 6. Bg2 O-O 7. Nf3 d6 8. O-O (8. a3 Bxc3 9.
Bxc3 Ne4 10. Qc2 Nd7 11. O-O Ndf6 12. b4 b6 13. Rfd1 Bb7 14. Be1 Qe8 15. a4 Qh5
16. a5 {Dumitrache,D-Mateuta,G/Herculane/1996/} Rab8 $13) 8... Nc6 (8... Bxc3
$142 9. Bxc3 Ne4 $11 {<=>}) (8... Nbd7 9. Nb5 $1 $16) 9. d5 Ne5 10. Nxe5 dxe5
11. a3 Bd6 12. Nb5 e4 13. Nxd6 cxd6 14. Qb3 exd5 15. cxd5 Qf7 16. f3 e3 17.
Bxe3 Nxd5 18. Bd4 Be6 19. Qd3 f4 20. Rac1 Rfe8 21. Rfe1 Bd7 22. Qb3 Bc6 23.
gxf4 Nxf4 24. Qxf7+ Kxf7 25. Bf1 g5 26. Kf2 Ng6 27. Bh3 h5 28. Bf5 Nf4 29. e3
$16 {Zeller,F-Movsesian,S/GER-Cup/1997/}) (5. a3 Bxc3 6. Bxc3 Nf6 7. f3 O-O 8.
e3 d6 9. Bd3 e5 10. Ne2 $6 e4 $36 {Harp,J-Viner,P/Canberra/1999/}) 5... b6 $146
{In keeping with Black's plan, but allows the following sortie.} (5... Nf6 6.
Bd3 b6 (6... c5 7. Nge2 Nc6 8. O-O O-O 9. a3 Ba5 10. dxc5 Qxc5 11. b4 Qd6 12.
Nf4 Bd8 13. c5 Qe7 14. e4 fxe4 15. Nxe4 Bc7 16. g3 Ne5 17. Nxf6+ Rxf6 18. Be4
$16 {Gavrilov,A-Pestov,S/Moscow/1989/}) 7. Nge2 Bb7 8. f3 $1 {Controls e4 and
limits Black's Bb7.} O-O 9. O-O $14 c5 (9... d6 10. a3 Bxc3 11. Nxc3 Nbd7 $14)
10. a3 Ba5 $6 11. d5 $5 $36 Bxc3 12. Nxc3 exd5 13. cxd5 Kh8 14. Qb3 Ba6 15. Qc2
Qe5 16. f4 Qd6 17. Bxa6 Nxa6 18. Qxf5 Nc7 19. Qd3 Nfxd5 20. e4 c4 21. Qd4 Qf6
22. Qxc4 b5 23. Nxd5 bxc4 24. Nxf6 Rxf6 25. Bc3 $18 {Piskov,Y-Pestov,S/Moscow/
1989/}) 6. Qh5+ $5 (6. Bd3 Bb7 7. f3 Nf6 (7... e5 8. Nb5 $1 $36) (7... Bd6 8.
Nb5 $5 Qh4+ 9. Kf1 $14) 8. Nge2 $14 {could have transposed into the note above,
Sokolov strives for more complex play and before Qf3 "softens" Black's >> and
the long a1-h8/^.}) 6... g6 {[%cal Ra1h8]} (6... Qf7 7. Qxf7+ (7. Qf3 Nc6 8.
Nb5 $5 Bxd2+ 9. Kxd2 Kd8 $8 10. Rd1 a6 11. Nc3 $14) 7... Kxf7 8. Nf3 $36) 7.
Qf3 Nc6 (7... c6 $6 {is an ugly move and White still forces the exchange of
the Bb4 after} 8. a3 Bd6 9. Nb5 $1 $16) 8. a3 Bxc3 $8 (8... Bd6 $2 9. b4 $18 {
[%cal Rc4c5,Rb4b5] /\b5,c5}) 9. Bxc3 Nf6 10. d5 {White continues his
aggressive policy.} (10. Bd3 Bb7 11. Qg3 O-O-O 12. Nf3 $14) 10... exd5 $8 11.
cxd5 Ne5 12. Qf4 d6 (12... Nf7 13. O-O-O $16 (13. Rd1 $16)) 13. Qd4 (13. Rd1
Bb7 14. Qa4+ Kf7 15. Qb3 f4 16. Nh3 $5 fxe3 17. f4 $44) 13... Bb7 $5 (13... Ne4
14. Bb5+ Bd7 15. Bxd7+ Qxd7 16. Nf3 (16. Ne2 $5) 16... Nxc3 17. Qxc3 (17. Nxe5
Nb5 18. Nxd7 Nxd4 19. Nxb6 axb6 20. exd4 Ra5 $11) 17... Nxf3+ 18. gxf3 O-O 19.
Rc1 $14 {[%csl Rc7] ><c7 gives White a pleasant and permanent advantage. In
the game it will be similar.}) 14. Nf3 $8 (14. Bc4 $2 Nxc4 15. Qxc4 (15. Qxf6
Qxf6 16. Bxf6 Rf8 $17) 15... Bxd5 16. Bxf6 Bxc4 17. Bxe7 Kxe7 18. Rc1 b5 $17) (
14. f4 Ned7 15. Bc4 O-O-O $15) 14... Nxd5 (14... Nxf3+ $6 15. gxf3 O-O 16. Bc4
$40 {[%cal Gc3h8] /^a1-h8}) 15. Nxe5 dxe5 (15... Nxc3 $2 16. Nxg6 $18) 16. Qxe5
Qxe5 17. Bxe5 $14 {[%csl Ge5,Gf1][%mdl 4096] _|_^^ White's actove bishops give
him a longlasting endgame edge.} Rf8 18. Bb5+ c6 {Black limits his B-this
probably wasn't necessary.} (18... Ke7 $5 19. O-O-O $14) 19. Bc4 O-O-O 20. O-O
Rfe8 21. Bg3 Rd7 (21... g5 $5) 22. Rfe1 (22. Rfd1 {/\} g5 23. Rac1 $14 (23.
Bxd5 $5 Rxd5 24. Rxd5 cxd5 25. Rc1+ Kd8 26. Bb8 $36)) 22... a5 23. Rac1 g5 24.
h3 Kd8 (24... f4 $2 25. Bxd5 Rxd5 (25... fxg3 26. Bxc6 $16) 26. exf4 $16) 25.
Red1 (25. h4 h6 {doesn't achieve anything concrete.}) 25... Re6 (25... f4 $6
26. exf4 (26. Bxd5 fxg3 $11) 26... Nxf4 (26... gxf4 $2 27. Bh4+ Ne7 28. Be6 $18
) 27. Rxd7+ Kxd7 28. Rd1+ $36) 26. Bd3 (26. b4 $5 axb4 27. axb4 $36) 26... Rf7
27. f3 $5 {[%mdl 512] White offers a pawn to open new vistas for the Bg3.} (27.
Bb8 Kc8 28. Bh2 $14) 27... f4 $6 {Inconsistent, Black should have at least
taken the offered material once he decided to open the position for White's B.}
(27... Rxe3 28. Bf2 Ree7 29. Bc4 $44) 28. exf4 gxf4 29. Bh4+ Kc7 30. Bc4 Kb8
31. Bf2 Rg6 32. Bd4 $36 {Now Black's Bb7 is passive and his pressure on the
g-file leads nowhere, as g2 is easily covered.} Rf8 (32... Re7 33. Re1 {/\} Ne3
34. Bxe3 fxe3 35. Rc3 $16) 33. Bd3 Rg5 34. b4 $5 {Stops c5.} (34. Bxh7 c5 35.
h4 Rh5 $132) 34... axb4 35. axb4 Nxb4 (35... Kc7 $142 $5 $14) 36. Bxb6 Nxd3 37.
Rxd3 $40 {[%csl Gb6,Rb7,Rf4] ץb7^-,><f4 Here the opposite coloured B help the
attacking side.} Rfg8 38. Rc2 $6 (38. Rd2 $1 Bc8 (38... c5 $2 39. Bxc5 Bxf3 40.
Rb2+ $18) 39. Kh2 $16) 38... Rb5 $2 (38... Bc8 $5 {[%cal Rc8f5,Rf5h3] /\Bf5,Bh3
} 39. Bd8 Rb5 $132) 39. Bc5 Kc8 40. Rd4 Rg5 41. Bd6 {Black loses ><f4 and
can't cope with White's >>P.} Rgd5 42. Rxd5 Rxd5 43. Bxf4 Kd7 (43... c5 $2 44.
Be3 $18) 44. Kf2 Ke6 (44... c5 45. Be3 (45. Rd2 $5 $18) 45... Kd6 46. g4 $18)
45. Be3 $1 {[%csl Rb7] ץb7} Kf7 46. g4 h5 47. Rc3 hxg4 48. hxg4 Rd6 49. f4 $18
Rg6 50. Ra3 Rd6 (50... Rxg4 $2 51. Ra7 $18) 51. Kg3 Bc8 52. Ra5 Rd3 53. Re5 Rd5
(53... c5 54. f5 c4 55. Kf4 c3 56. Rc5 $18 {[%cal Rc5c7,Rg4g5] /\g5,Rc7}) 54.
Rxd5 cxd5 55. f5 d4 56. Bxd4 Ba6 57. g5 Bd3 58. Kf4 Bc2 59. g6+ Kg8 60. Kg5 (
60. Kg5 Bd3 61. f6 Bc4 62. Kf4 {[%cal Rf4d6,Rd6e7] /\Ke5-d6-e7} Kf8 63. Bc5+
Ke8 64. Kg5 $18) 1-0

[Event "Biel SKA"]
[Site "Biel"]
[Date "1996.08.03"]
[Round "11"]
[White "Milov, Vadim"]
[Black "Miles, Anthony John"]
[Result "1-0"]
[WhiteElo "2565"]
[BlackElo "2630"]
[Annotator "Stohl,I"]
[PlyCount "53"]
[EventDate "1996.07.22"]
[EventType "tourn"]
[EventRounds "11"]
[EventCountry "SUI"]
[EventCategory "16"]
[SourceTitle "CBM 055"]
[Source "ChessBase"]
[SourceDate "1996.12.01"]
[SourceVersion "1"]
[SourceVersionDate "1996.12.01"]
[SourceQuality "1"]

1. d4 {Petursson} e6 2. c4 b6 3. Nc3 (3. a3 g6 4. Nc3 Bg7 5. Nf3 Ne7 6. e3 Bb7
7. Be2 O-O 8. O-O d5 9. cxd5 Nxd5 10. Bd2 Nd7 11. Rc1 c5 12. dxc5 Nxc5 13. b4
Nd7 14. Nxd5 Bxd5 15. Bc3 Bxc3 $10 {1/2/Li Wenliang-Miles,A/Beijing Tan Chin
Cup/1996/}) 3... Bb7 4. a3 g6 (4... d5 5. cxd5 exd5 6. Bf4 c6 7. Nf3 Nf6 8. e3
Be7 9. Bd3 O-O 10. h3 Na6 11. O-O Nc7 12. Rc1 Ne6 13. Bh2 c5 14. Qe2 a6 15.
dxc5 bxc5 16. Rfd1 Qa5 17. Ne5 Rfe8 18. Bb1 Qb6 19. Qc2 g6 20. Ba2 Rad8 $13 {
Szirmai,Ed-Berebora,F/Budapest Spring op/1996/}) 5. Nf3 Bg7 6. e4 Ne7 7. Be3 {
Tony Miles has been using this weird double-fianchetto setup o lot lately.
Although his results were only moderate, Black's position is not such an easy
nut to crack and his dynamic possibilities can't be underrated. Although Milov
won this game fast, it opened more questions, than it answered.} (7. d5 $5 O-O
8. Bg5 f6 9. Bf4 c6 10. d6 Nc8 11. b4 c5 12. Rb1 cxb4 13. axb4 f5 14. e5 h6 15.
h4 Nc6 16. Be2 a5 17. b5 Nb4 18. Qd2 Bxf3 19. Bxf3 Rb8 20. g3 Kh7 21. Kf1 Na7
22. Na4 Qe8 23. Kg2 Qf7 24. Rbc1 Rfe8 25. Rhe1 $16 {(),Sinanovic,M-Sandler,L/
Jerevan olm/1996/}) (7. Bd3 O-O 8. O-O d6 9. Re1 Nd7 10. Be3 e5 11. d5 h6 12.
Nd2 f5 13. f3 Nf6 14. b4 f4 15. Bf2 g5 16. c5 h5 17. Rc1 Ng6 18. Be2 Bc8 19.
Qa4 Rf7 20. Bb5 g4 21. Bc6 Bd7 22. cxd6 cxd6 23. Nb5 Bxc6 24. dxc6 Ne8 25. Qb3
$16 {Astrom,R-Sandler,L/Jerevan olm/1996/}) (7. Be2 O-O 8. O-O f5 (8... d6 9.
Be3 Nd7 10. d5 Nc5 11. Nd4 Qd7 12. b4 Nxe4 $5 13. Nxe4 exd5 14. cxd5 Nxd5 15.
Bf3 Rae8 16. Ng5 Nxe3 17. fxe3 Bxf3 18. Qxf3 c5 19. Nc6 Bxa1 20. Rxa1 a6 21. a4
cxb4 22. Nxb4 Qe7 $15 {Savchenko,S-Teske,H/EuCup Gr7 Bratislava/1996/}) 9. e5
h6 10. h4 (10. Re1 g5 11. d5 Ng6 12. Bf1 g4 13. Nd4 Bxe5 14. dxe6 Qf6 15. Bxh6
Re8 16. Ndb5 dxe6 17. Qd2 Nc6 $17 {Hellsten,J-Miles,A/Malmo/1996/}) 10... d5
11. exd6 cxd6 12. Bf4 Nc8 (12... Kh7 $142) 13. Qd2 (13. c5 $5 $36) 13... Kh7
14. Rae1 Nd7 15. Bd1 Re8 16. Re3 Nf8 17. Rfe1 Re7 18. a4 a6 19. b3 Ra7 20. Rd3
Rd7 21. Bg3 Ba8 22. Nh2 Ne7 23. Bf3 $6 Bxf3 24. Nxf3 e5 25. dxe5 dxe5 26. Rxd7
Rxd7 27. Qc1 f4 $36 {[%csl Rg3] ץg3,Xu Jun-Miles,A/Beijing Tan Chin Cup/1996/}
) 7... f5 8. e5 h6 {[%cal Rg6g5] /\g5} 9. h4 {Allowing g5 helps Black
considerably, see Hellsten-Miles, Malmo 1996.} d6 10. exd6 cxd6 11. Bf4 $5 a6 (
11... O-O $142) 12. Be2 Ra7 $6 {Black is overdoing the originality.} (12... O-O
13. Qb3 $5 $36) 13. O-O $6 (13. Qd2 $142 $1 $16 {[%cal Ye1c1] preventing 0-0
and preparing 0-0-0 was much stronger.} e5 $6 14. dxe5 Bxf3 15. Bxf3 dxe5 16.
Qxd8+ Kxd8 17. Be3 Nd7 18. O-O-O $40) 13... g5 $1 {Black's strategy is very
imaginative, but of course it also carries a lot of risk.} 14. hxg5 Ng6 15. Bg3
(15. gxh6 $6 Bxf3 $1 16. hxg7 Rxg7 17. Bg3 Bb7 $40) (15. Be3 Bxf3 16. Bxf3 hxg5
$13) 15... hxg5 16. Re1 $2 (16. Bd3 $142 $1 g4 17. Re1 $44 {-16.Re1 g4?}) 16...
g4 $6 (16... f4 $1 17. Bd3 (17. Bh2 $2 g4 18. Nd2 Qh4 $19) 17... Nf8 18. d5
fxg3 19. fxg3 Bc8 $17) 17. Bd3 $8 {A forced, but strong sacrifice.} Kf7 (17...
gxf3 18. Rxe6+ Kf7 19. d5 $36) 18. d5 {Taking the bull by the horns.} Bxc3 $2 (
18... gxf3 $142 19. Rxe6 {-17...gxf3} (19. Rxe6 {Petursson} Rh5 20. Qxf3 Qh8
21. Kf1 $13)) 19. dxe6+ (19. Rxe6 $5 Bf6 (19... gxf3 20. Qxf3 Bf6 21. Qxf5 Nf8
22. Bxd6 $16) (19... Bxb2 20. Rxd6 Qe7 (20... Qc8 21. Ng5+ $40) 21. Re6 Qd8 22.
Bxf5 Nf8 (22... Ne7 23. Ng5+ Kg8 24. Qxg4 $18) 23. Ne5+ Bxe5 24. Bxe5 $40) 20.
Bxf5 Nf8 21. Rxd6 Qe7 22. Nd4 $40 {[%csl Ra7,Rb7,Rb8] In all these lines
Black's pieces on the Q-side present a sorry picture. It feels more like White
has an extra piece in the attack, although in fact he is one down.}) 19... Kg8
20. Bxf5 gxf3 (20... Bxf3 21. gxf3 Bxe1 (21... Rah7 22. e7 Rxe7 23. bxc3 $18)
22. Bxg6 $16) 21. Bxg6 fxg2 (21... Bf6 $142 22. Bxd6 Nc6 (22... fxg2 23. Bf7+
Kg7 24. Qg4+ Bg5 25. Be5+ $18) 23. Qxf3 Kg7 (23... Ne5 24. Qf5 Qxd6 25. Qxf6
$18) 24. Qg3 Bh4 25. Qf4 Qf6 (25... Kxg6 $2 26. Qf7+ Kh6 27. Bf4+ Bg5 28. Re3
$18) 26. Be4 $16) (21... Bxe1 22. Bf7+ (22. Qd4 Ba8 23. Rxe1 fxg2 24. Bf7+ Rxf7
25. Qxh8+ Kxh8 26. exf7 Kg7 27. Re8 Qf6 28. Rxb8 Qxf7 29. Rxa8 Qxc4 $17) 22...
Kg7 (22... Kf8 23. Qd4 $18) 23. Qd4+ Qf6 24. Qg4+ Kh7 25. Rxe1 Bc8 $1 $8 {
[%cal Ra7f7] /\Rf7} 26. Be5 $1 (26. Qe4+ {Petursson} Kg7 27. Bxd6 Rxf7 28. Be5
$16) 26... dxe5 27. Rxe5 Rxf7 $8 28. Rh5+ Qh6 29. Rxh6+ Kxh6 30. Qh4+ Kg7 31.
Qg5+ Kf8 32. exf7 Nd7 (32... Kxf7 33. Qf4+) 33. Qg6 {/\} Ke7 34. Qg8 $1 $18)
22. Bf7+ Kg7 23. Qg4+ Kf8 24. f3 (24. Bh5 $142 $1 Bf6 (24... Rh7 25. bxc3 $18 {
was the simplest win}) 25. e7+ $1 Bxe7 26. Qf5+ Bf6 27. Bxd6+ Kg8 28. Qg6+ $18)
24... Bc8 (24... Bxe1 $142 25. Rxe1 Nc6 {was a better defense, although White
has full compensation for the rook.} 26. Bh5 Qf6 27. Bxd6+ Ne7 28. Be5 Bxf3 29.
Qd4 $1 Nc6 (29... Qxe5 30. Qxe5 Rxh5 31. Qf6+ Kg8 32. Qxf3 Rh1+ 33. Kxg2 Rxe1
34. Qg3+ $18) 30. Bxf6 Nxd4 31. Bxh8 Bxh5 32. Bxd4 Bf3 33. Kf2 Bc6 34. Bxb6 $16
) 25. bxc3 Rxf7 26. Qd4 $1 $18 Qf6 (26... Rfh7 27. e7+) 27. Bxd6+ (27. Bxd6+
Kg7 28. Be5 $18) 1-0